000 00820nas a2200265 4500
001 BR7701352
003 BR-BrBNA
005 20231205083126.0
007 ta
008 230509b bl.|||p| |||| 00| 00por d
040 _aBR-BrBNA
_bpor
_cBiblioteca Nacional de Agricultura
041 _a(Pt)
072 _aH10
100 1 _aNunes Junior, D.
100 1 _aBarbosa, J.T.
100 1 _aLara, F.M.
245 1 _aFitotoxicidade de diversos inseticidas e controle de Contarinia sorghicola (Coq., 1898), no hibrido de sorgo granifero C-L 120 [mosca]
650 _aFITOTOXICIDADE
650 _aSORGO FORRAGEIRO
650 _aMOSCA
650 _aINSETICIDA
773 0 _tCientifica (Brazil)
_xISSN 0100-0039
_g(1976), v. 4(2) p. 148-151
_wBR7701352
909 _a202311
_bLúcia
_c55
_dLúcia Elande
942 _2AGRIS
_n0
_cANA
999 _c96576
_d96576